Normal view MARC view
  • Shinde Nikita- 2k241191 & Dr. Ashok Pawar - Guide

Entry Personal Name

Number of records used in: 1

001 - CONTROL NUMBER

  • control field: 216434

003 - CONTROL NUMBER IDENTIFIER

  • control field: OSt

005 - DATE AND TIME OF LATEST TRANSACTION

  • control field: 20260122154931.0

008 - FIXED-LENGTH DATA ELEMENTS

  • fixed length control field: 260122|| aca||aabn | a|a d

040 ## - CATALOGING SOURCE

  • Original cataloging agency: OSt
  • Transcribing agency: OSt

100 ## - HEADING--PERSONAL NAME

  • Personal name: Shinde Nikita- 2k241191 & Dr. Ashok Pawar - Guide

670 ## - SOURCE DATA FOUND

  • Source citation: Work cat.: (OSt)370064: Shinde Nikita- 2k241191 & Dr. Ashok Pawar - Guide, A Study of Sales Invoices analysis to Understand Revenue Trends & Support in Decision Making, 2025